000
00316nam a2200121Ia 4500
008
220203s9999 xx 000 0 und d
041
_a
Malayalam
100
_a
Sajen Peter
245
0
_a
Karshakarkku Snehapoorvam
260
_b
Rubber Research Institute of India
_a
Kottayam
_c
2006
650
_a
Extension
942
_c
PN
999
_c
45075
_d
45075